'O' Books By Cover Quiz Stats

Quiz Updated Mar 2, 2016

Also try: 'I' Books by Cover
Challenge
Share
Tweet
Score 0/15 Timer 05:00
0 Plays Today
% Correct
Oliver Twist
88.5%
Othello
87%
The Odyssey
86.2%
The Old Man and the Sea
84.6%
Of Mice and Men
76.7%
On the Road
73.5%
Oh, the Places You'll Go!
61.2%
Old Yeller
60.5%
% Correct
One Flew Over the Cuckoo's Nest
57.3%
The Outsiders
53.5%
One Hundred Years of Solitude
47.6%
The Other Boleyn Girl
33.7%
O Pioneers!
24.6%
Orlando
22.3%
One Day
20.7%

You're not logged in!

Compare scores with friends on all Sporcle quizzes.
Sign Up with Email
OR
Log In

You Might Also Like...

Show Comments

Extras

Top Quizzes Today


Score Distribution

Your Account Isn't Verified!

In order to create a playlist on Sporcle, you need to verify the email address you used during registration. Go to your Sporcle Settings to finish the process.

Report this User

Report this user for behavior that violates our Community Guidelines.

Details: